000 01092nam a2200301 i 4500
003 EG-GICUC
005 20260121101537.0
008 251224s1978 ua ||||fr|||| 00| 0 ara d
017 _a1978/1855
040 _a EG-GICUC
_bara
_c EG-GICUC
_d EG-GICUC
_erda
041 0 _aara
082 0 4 _221
_a343.6
_bع ب . م
092 0 4 _221
099 _aLaw1 10 343.6 ع ب . م 1978
100 0 _aعبدالمنعم عبدالرحيم العوضى
_eمؤلف.
245 1 0 _aمقدمة فى أصول الدراسة المنهجية للإجرام /
_cدكتور عبد المنعم عبد الرحيم العوضى.
264 1 _aالقاهرة :
_bدار النهضة العربية،
_c1978.
300 _a260 صفحة ؛
_c24 سم.
336 _2rda content
_atext
337 _2rda media
_aComputer
338 _2rda carrier
_aOnline Resource
546 _aالنص باللغة العربية
650 1 4 _aعلم الإجرام
650 1 4 _aالقانون الجنائي
856 4 0 _uhttps://fll.law.cu.edu.eg/fulltext/bks/B10 -07231.pdf
905 _a77
942 _2ddc
_cBK
_e21
_n0
999 _c52466
_d52466